ICSC 2004 second international conference on soft computing applied in computer and economic environments
Na minha lista:
| Autor Corporativo: | |
|---|---|
| Formato: | Livro |
| Idioma: | inglês |
| Publicado em: |
Kunovice
European polytechnical institute
2004
|
| Assuntos: | |
| Tags: |
Sem tags, seja o primeiro a adicionar uma tag!
|
MARC
| LEADER | 00000nam$a2200000$$$4500 | ||
|---|---|---|---|
| 001 | 0060106 | ||
| 005 | 20240104134353.6 | ||
| 020 | |a 80-7314-025-X | ||
| 041 | 0 | |a eng | |
| 044 | |a CZ | ||
| 245 | 1 | 0 | |a ICSC 2004 |b second international conference on soft computing applied in computer and economic environments |
| 264 | 1 | |a Kunovice |b European polytechnical institute |c 2004 | |
| 300 | |a 352 s. | ||
| 610 | 2 | 0 | |a systémy informačné |
| 610 | 2 | 0 | |a marketing |
| 610 | 2 | 0 | |a siete neurónové |
| 610 | 2 | 0 | |a rozhodovanie |
| 610 | 2 | 0 | |a siete počítačové |
| 610 | 2 | 0 | |a systémy počítačové |
| 610 | 2 | 0 | |a modelovanie systémov riadiacich |
| 110 | 2 | |a ICSC 2004. International conference on soft computing applied in computer and economic environments | |